Szczegóły MARC21

Tolkovyj slovar' russkogo škol'nogo i studenčeskogo žargona : okolo 5000 slov i vyraženij /

003 -Nazwa inst., której nr kontr. jest w polu 001 [,]
    • @
    • Nazwa instytucji, której n kontrolny jest w polu 001
    • NUKAT
005 -DATA I CZAS OSTATNIEJ MODYFIKACJI [,]
    • @
    • pole kontrolne
    • 20250325093249.0
020 -Międzynarod. znormalizowany nr książki - ISBN [ , ]
    • a
    • Numer ISBN
    • 5170284829 Find
    • q
    • Dopowiedzenie
    • OOO "Izdatel'stvo AST"
020 -Międzynarod. znormalizowany nr książki - ISBN [ , ]
    • a
    • Numer ISBN
    • 5271107175 Find
    • q
    • Dopowiedzenie
    • OOO "Izdatel'stvo Astrel'"
020 -Międzynarod. znormalizowany nr książki - ISBN [ , ]
    • a
    • Numer ISBN
    • 5957814822 Find
    • q
    • Dopowiedzenie
    • OOO "Tranzitkniga"
040 -Instytucja sporządzająca opis [ , ]
    • a
    • Instytucja, która sporządziła opis (NP)
    • KR 119/IK
    • b
    • Język katalogowania
    • pol
    • e
    • Zasady katalogowania
    • rda
    • c
    • Instytucja, która sporządziła rekord (NP)
    • KR 119/IKs
    • d
    • Instytucja, która zmodyfikowała rekord (P)
    • KR 119/ara
    • d
    • Instytucja, która zmodyfikowała rekord (P)
    • KAT U/41BM
942 -Rodzaj dokumentu [ , ]
    • c
    • Rodzaj dokumentu
    • Książka
100 -Hasło główne - nazwa osobowa [1, ]
    • a
    • Nazwa osobowa (NP)
    • Walter, Harry
    • d
    • Daty biograficzne (NP)
    • (1956- ).
    • e
    • Rodzaj współpracy
    • Autor
    • 9
    • KHW
    • 12488
245 -Strefa tytułu i oznaczenia odpowiedzialności [1,0]
    • a
    • Tytuł
    • Tolkovyj slovar' russkogo škol'nogo i studenčeskogo žargona : Find
    • b
    • Ciąg dalszy tytułu (NP)
    • okolo 5000 slov i vyraženij / Find
    • c
    • Pozostałe elementy strefy tytułu i oznaczenia odpowiedzialności (NP)
    • H. Val'ter, V. M. Mokienko, T. G. Nikitina.
260 -Strefa adresu wydawniczego [ , ]
    • a
    • Miejsce wydania (P)
    • Moskva :
    • b
    • Nazwa wydawcy (P)
    • "AST" :
    • b
    • Nazwa wydawcy (P)
    • "Astrel'" :
    • b
    • Nazwa wydawcy (P)
    • "Tranzitkniga",
    • c
    • Data wydania (P)
    • 2005.
300 -Strefa opisu fizycznego [ , ]
    • a
    • Określenie formy książki i/lub objętość (NP)
    • 360, [3] strony ;
    • c
    • Format (NP)
    • 21 cm.
336 -Typ zawartości [ , ]
    • a
    • Termin opisujący typ zawartości
    • Tekst
    • b
    • Kod określający zawartość
    • txt
    • 2
    • Źródło (terminu i kodu)
    • rdacontent
337 -Typ mediów [ , ]
    • a
    • Tryb odtwarzania
    • Bez urządzenia pośredniczącego
    • b
    • Kod typu mediów
    • n
    • 2
    • Źródło (terminu i kodu)
    • rdamedia
338 -Typ/rodzaj nośnika [ , ]
    • a
    • Hasło opisujące typ nośnika
    • Wolumin
    • b
    • Kod typu nośnika
    • nc
    • 2
    • Źródło (terminu i kodu)
    • rdacarrier
504 -Uwaga dot. bibliogr. załącznikowej [ , ]
    • a
    • Uwaga dot. bibliografii załącznikowej
    • Bibliografia na stronach 354-[361]. Indeks.
650 -Hasło przedmiotowe [ ,7]
    • a
    • Hasło przedmiotowe
    • Język rosyjski
    • x
    • Określnik rzeczowy
    • żargon
    • v
    • Określnik formalny
    • słowniki.
    • 2
    • Źródło terminu
    • kaba
    • 9
    • KHW
    • 470285
650 -Hasło przedmiotowe [ ,7]
    • a
    • Hasło przedmiotowe
    • Młodzież
    • x
    • Określnik rzeczowy
    • język
    • v
    • Określnik formalny
    • słowniki rosyjskie.
    • 2
    • Źródło terminu
    • kaba
    • 9
    • KHW
    • 474383
650 -Hasło przedmiotowe [ ,7]
    • a
    • Hasło przedmiotowe
    • Studenci
    • x
    • Określnik rzeczowy
    • język
    • v
    • Określnik formalny
    • słowniki rosyjskie.
    • 2
    • Źródło terminu
    • kaba
    • 9
    • KHW
    • 474384
700 -Hasło dodatkowe - nazwa osobowa [1, ]
    • a
    • Nazwa osobowa (NP)
    • Mokienko, Valerij Mihajlovič. Find
    • e
    • Określenie rodzaju współpracy
    • Autor
    • 9
    • KHW
    • 12487
700 -Hasło dodatkowe - nazwa osobowa [1, ]
    • a
    • Nazwa osobowa (NP)
    • Nikitina, Tat'âna Gennad'evna. Find
    • e
    • Określenie rodzaju współpracy
    • Autor
    • 9
    • KHW
    • 474273
710 -Hasło dodatkowe - nazwa ciała zbiorowego [2, ]
    • a
    • Nazwa ciała zbiorowego lub nazwa geograficzna jako pierwszy element (NP)
    • Izdatelʹstvo AST.
    • e
    • Rodzaj współpracy
    • Wydawca
    • 4
    • Kod relacji
    • pbl
    • 9
    • KHW
    • 410056
920 -ISBN [ , ]
    • a
    • ISBN
    • 5-17-028482-9 Find
    • q
    • Dopowiedzenie
    • OOO "Izdatel'stvo AST"
920 -ISBN [ , ]
    • a
    • ISBN
    • 5-271-10717-5 Find
    • q
    • Dopowiedzenie
    • OOO "Izdatel'stvo Astrel'"
920 -ISBN [ , ]
    • a
    • ISBN
    • 5-9578-1482-2 Find
    • q
    • Dopowiedzenie
    • OOO "Tranzitkniga"
Status udost. Sygnatura Numer inwentarzowy Data inwentaryzacji Lokalizacja
1ROS. Słow. specjalistyczne 35P.271012019-01-29BM